Sports Quiz

Random Sports or Football Quiz
Score 0/20 Timer 04:00
0 Plays Today
Goal Difference Team % Correct
-69Derby County
84.9%
-40Sunderland
81.7%
-44Sunderland
79%
-43Sunderland
79%
-49Aston Villa
68.8%
-36West Bromwich Albion
68.6%
-38Leeds United
65.2%
-42Wolverhampton Wanderers
62.5%
-39Wolverhampton Wanderers
62.5%
-40Burnley
61.4%
Goal Difference Team % Correct
-45Fulham
61.1%
-42Cardiff City
60.5%
-41Hull City
59.3%
-42Wigan Athletic
59.2%
-57Ipswich Town
58.9%
-43Hull City
56.6%
-53Swindon Town
54.3%
-40Bradford City
51.5%
-45Barnsley
50.4%
-42Watford
46.5%

You're not logged in!

Compare scores with friends on all Sporcle quizzes.
OR
Log In

Sporcle TV

Today on Sporcle TV


Watch our educational content, quiz creation guides, and fun videos on Sporcle TV.

Show Comments

Extras

Top Quizzes Today


Score Distribution

Paid Content

Your Account Isn't Verified!

In order to create a playlist on Sporcle, you need to verify the email address you used during registration. Go to your Sporcle Settings to finish the process.

Report this User

Report this user for behavior that violates our Community Guidelines.

Details: